000 00970nam a2200301Ia 4500
003 OSt
005 20221007124101.0
006 a|||||r|||| 00| 0
007 ta
008 221006b |||||||| |||| 00| 0 eng d
020 _a9781891389573 (pbk)
024 _a85827
037 _cTextbook
040 _aCDL
_cCDL
_beng
041 _2eng
_aeng
082 _aE5:25, L8;10 Carc
100 _aTurro Nicholas J
_9718229
245 0 _aPrinciples of molecular photochemistry:an introduction
_b Ramamurthy V Scaiano J C
260 _aSausalito
_bUniversity Science Books
_c1938
300 _axxi, 495p.
_ccm.
500 _aIncludes bibliographical references.; Index 483-495p.
650 _a Photochemistry
_9718406
650 _aChemistry
700 _a Ramamurthy V
_9103493
700 _a Scaiano J C
_9718231
942 _hE5:25, L8;10 Carc
_cTB
_2CC
999 _c1212945
_d1212945